|
|
|
|
| LEADER |
00773nam a2200229 a 4500 |
| 001 |
27518 |
| 003 |
BD-DhAAL |
| 008 |
130917s2013 bg 000 0 ben d |
| 020 |
|
|
|a 9789843304216
|
| 040 |
|
|
|a BD-DhAAL
|c BD-DhAAL
|
| 082 |
0 |
0 |
|a 297.05492
|2 22
|
| 100 |
1 |
|
|a Nawaz, Ahmad.
|9 3143
|
| 245 |
1 |
0 |
|a Complete songs of Ahmad Nawaz /
|c Ahmad Nawaz
|
| 260 |
|
|
|a Dhaka :
|b Ananta Prakashani,
|c 2013
|
| 300 |
|
|
|a 1608 p. ;
|c 23 cm.
|
| 541 |
1 |
|
|e 27518
|
| 600 |
|
|
|a Ahmad Nawaz
|x Songs
|9 3144
|
| 650 |
|
0 |
|a Islami music
|z Bangladesh
|9 3145
|
| 852 |
1 |
|
|a Ayesha Abed Library
|c Reference Section
|
| 942 |
|
|
|2 ddc
|c BK
|
| 999 |
|
|
|c 46256
|d 46256
|
| 952 |
|
|
|0 0
|1 0
|2 ddc
|4 0
|6 297_054920000000000_NAW
|7 0
|9 74877
|a BRACUL
|b BRACUL
|c REF
|d 2023-12-21
|l 0
|o 297.05492 NAW
|p 3010027518
|r 2023-12-21
|t 1
|w 2023-12-21
|y BK
|